[Event "AUTO-INT-1811"]
[Site "http://www.queenalice.com/game.php?id=828717"]
[Date "2010.9.6"]
[Round "1"]
[White "Severynnas"]
[Black "Peaonegro"]
[Result "0-1"]
[WhiteElo "1280"]
[BlackElo "1626"]

1. e4 d5 2. exd5 Qxd5 3. d4 Nf6 4. Nf3 Nc6 5. Be2 e5 6. Nc3 Qe6 7. dxe5 Nd7 8.
O-O Be7 9. Re1 O-O 10. h3 Ndxe5 11. Bb5 Bf6 12. Bxc6 bxc6 13. Rxe5 Bxe5 14. Kf1
Bd6 15. g4 Ba6+ 16. Kg2 h6 17. Nd4 Qe5 18. Nf3 Qe7 19. Nd2 Bb7 20. Nb3 Qe5 21.
f3 Qg3+ 22. Kf1 Qxh3+ 23. Kf2 Rad8 24. Qd4 Bg3+ 25. Ke3 Rxd4 26. Kxd4 Rd8+ 27.
Ke4 c5+ 28. Ke3 Qg2 29. Ne2 Qf2# 0-1

[Event "AUTO-INT-1811"]
[Site "http://www.queenalice.com/game.php?id=828718"]
[Date "2010.9.6"]
[Round "1"]
[White "Peaonegro"]
[Black "Severynnas"]
[Result "1-0"]
[WhiteElo "1569"]
[BlackElo "1547"]

1. e4 e5 2. Nf3 Nc6 3. Nc3 b6 4. d4 exd4 5. Nxd4 Na5 6. Bd3 Bb7 7. Qe2 Qh4 8.
Ncb5 Bd6 9. Nf5 Qf6 10. Nfxd6+ cxd6 11. Nc7+ Kd8 12. Nxa8 Bxa8 13. O-O Ne7 14.
Bd2 Qxb2 15. f4 Qa3 16. Be3 Nec6 17. Qg4 Kc7 18. Qxg7 Ne7 19. Qxh8 d5 20. Qxa8
dxe4 21. Qxa7+ Kd6 22. Bxe4 Qb4 23. Rad1+ Ke6 24. Qb8 h6 25. Qe5# 1-0

[Event "AUTO-INT-1811"]
[Site "http://www.queenalice.com/game.php?id=828733"]
[Date "2010.9.6"]
[Round "1"]
[White "Eden_Pelleg"]
[Black "Peaonegro"]
[Result "0-1"]
[WhiteElo "1562"]
[BlackElo "1584"]

1. d4 d5 2. Nc3 Nf6 3. Bf4 Nc6 4. Nb5 Rb8 5. Bxc7 Qd7 6. Bxb8 Nxb8 7. Nxa7 e6 8.
Nxc8 Qxc8 9. Nf3 Bd6 10. e3 O-O 11. Bd3 Nc6 12. Ng5 h6 13. Nh3 e5 14. dxe5 Bxe5
15. Qf3 Bxb2 16. O-O Ne5 17. Qd1 Qc7 18. Rb1 Neg4 19. g3 Bc3 20. Be2 Qd7 21. Rb3
Rc8 22. Qd3 Ba5 23. Bxg4 Nxg4 24. Nf4 Rc5 25. e4 d4 26. Ne2 Ne5 27. Qd1 Rc4 28.
f4 Nc6 29. a3 b6 30. Qd3 Ra4 31. Rd1 Qg4 32. c3 dxc3 33. Nxc3 Rd4 34. Qc2 Bxc3
35. Rxc3 Rxd1+ 36. Kg2 Nd4 37. Rc8+ Kh7 38. Qc4 Rd2+ 39. Kg1 Qd1+ 40. Qf1 Ne2+
0-1

[Event "AUTO-INT-1811"]
[Site "http://www.queenalice.com/game.php?id=828734"]
[Date "2010.9.6"]
[Round "1"]
[White "Peaonegro"]
[Black "Eden_Pelleg"]
[Result "0-1"]
[WhiteElo "1469"]
[BlackElo "1529"]

1. e4 d5 2. exd5 Qxd5 3. Nc3 Qe6+ 4. Be2 Nc6 5. Nf3 Qg6 6. O-O Bg4 7. Nh4 Bxe2
8. Qxe2 Qxc2 9. Ne4 Nd4 10. Qg4 Nh6 11. Qf4 Ne2+ 12. Kh1 Nxf4 13. Re1 Nd3 14.
Re3 Qd1+ 15. Re1 Qxe1# 0-1

[Event "AUTO-INT-1811"]
[Site "http://www.queenalice.com/game.php?id=828743"]
[Date "2010.9.6"]
[Round "1"]
[White "PU1JQF"]
[Black "Peaonegro"]
[Result "0-1"]
[WhiteElo "1445"]
[BlackElo "1558"]

1. e4 e5 2. d3 Nc6 3. Be2 Nf6 4. Nf3 h6 5. O-O d5 6. c4 dxe4 7. dxe4 Be7 8. Nc3
Be6 9. c5 Bxc5 10. Na4 Bd4 11. Bb5 O-O 12. Qd3 Nb4 13. Qd2 Nxe4 14. Qxb4 a5 15.
Qe1 Qd5 16. Bd3 Nc5 17. Be4 Nxe4 18. Bd2 b6 19. Rc1 Rac8 20. Bc3 Nxc3 21. Nxc3
Bxc3 22. bxc3 Qxa2 23. Nxe5 Rcd8 24. Qe4 Bd5 25. Qf4 Bb7 26. Qg4 f5 27. Qg6 Rf6
28. Qg3 g5 29. Qe3 Qd5 30. c4 Qxg2# 0-1

[Event "AUTO-INT-1811"]
[Site "http://www.queenalice.com/game.php?id=828744"]
[Date "2010.9.6"]
[Round "1"]
[White "Peaonegro"]
[Black "PU1JQF"]
[Result "1-0"]
[WhiteElo "1624"]
[BlackElo "1455"]

1. e4 e5 2. Nf3 d6 3. Nc3 Be7 4. d4 Nf6 5. dxe5 dxe5 6. Qxd8+ Bxd8 7. Nxe5 Be6
8. Be3 Be7 9. O-O-O O-O 10. Be2 Na6 11. f3 Nc5 12. Nb5 Bxa2 13. Nxc7 Rac8 14.
Nd5 Bxd5 15. exd5 Rcd8 16. Bc4 Na4 17. Bxa7 Nxb2 18. Kxb2 Bb4 19. c3 Ba5 20.
Rhe1 b6 21. Nc6 Rd7 22. Kb3 Rb7 23. Re7 Rxe7 24. Nxe7+ Kh8 25. d6 b5 26. Bxb5
Rd8 27. Nc6 Nd7 28. Nxd8 Bxd8 29. Bxd7 g5 30. Bd4+ f6 31. Re1 Kg7 32. c4 Ba5 33.
Re7+ Kg6 34. Be8+ Kf5 35. c5 g4 36. Rxh7 Be1 37. d7 Kf4 38. d8=Q gxf3 39. Qd6+
Ke4 40. Bg6+ f5 41. Re7+ Kd3 42. Bc3# 1-0

[Event "AUTO-INT-1848"]
[Site "http://www.queenalice.com/game.php?id=848025"]
[Date "2010.10.19"]
[Round "1"]
[White "Peaonegro"]
[Black "BIBIU16"]
[Result "0-1"]
[WhiteElo "1626"]
[BlackElo "2128"]

1. e4 g6 2. d4 Bg7 3. Nf3 d6 4. Nc3 Nf6 5. e5 dxe5 6. dxe5 Qxd1+ 7. Nxd1 Ng4 8.
Bf4 Nd7 9. e6 fxe6 10. c3 e5 11. Bd2 h6 12. Be2 g5 13. Ne3 Nxe3 14. Bxe3 b6 15.
O-O-O O-O 16. h3 Nf6 17. Nxe5 Be6 18. Nc6 Kf7 19. Ne5+ Kg8 20. Bf3 Rad8 21. Rxd8
Rxd8 22. Nc6 Rd7 23. Nxa7 Bxa2 24. Rd1 Rxd1+ 25. Bxd1 Bd5 26. f3 Nd7 27. b4 Bxc3
28. Kc2 Bxb4 29. Nb5 c6 30. Na7 b5 31. Nc8 e5 32. Nb6 Nxb6 33. Bxb6 Kf7 34. Kd3
Ke6 35. g4 c5 36. Ke3 c4 37. Bc2 Bd6 38. Be4 b4 0-1

[Event "AUTO-INT-1848"]
[Site "http://www.queenalice.com/game.php?id=848026"]
[Date "2010.10.19"]
[Round "1"]
[White "BIBIU16"]
[Black "Peaonegro"]
[Result "1-0"]
[WhiteElo "2096"]
[BlackElo "1628"]

1. e4 e5 2. Nf3 Nc6 3. Bb5 Qe7 4. O-O Nf6 5. d4 Nxe4 6. Bxc6 dxc6 7. Re1 exd4 8.
Qxd4 Bf5 9. Nbd2 Rd8 10. Qxa7 Qb4 11. c3 Qb6 12. Qxb6 cxb6 13. Nxe4 Be7 14. Bg5
f6 15. Nxf6+ Kf7 16. Rxe7+ Kxe7 17. Nh5+ Kf7 18. Bxd8 Rxd8 19. Re1 Kg6 20. Nh4+
Kxh5 21. Nxf5 Kg6 22. Nd4 h6 23. g3 Kh7 24. Re7 c5 25. Ne6 Rg8 26. Rxb7 h5 27.
Rxb6 Ra8 28. a3 g6 29. Nxc5 Kh6 30. a4 Rc8 31. b4 Kg5 32. a5 Kf5 33. a6 g5 34.
a7 Ra8 35. Rb7 Kg4 36. Kg2 1-0

[Event "AUTO-INT-1848"]
[Site "http://www.queenalice.com/game.php?id=848027"]
[Date "2010.10.19"]
[Round "1"]
[White "Peaonegro"]
[Black "harleymanscott"]
[Result "0-1"]
[WhiteElo "1561"]
[BlackElo "1289"]

1. d4 d5 2. Nc3 e6 3. Nf3 Nc6 4. a3 Nf6 5. Ne5 Nxe5 6. h3 Ne4 7. Nxe4 Nc4 8. e3
Qh4 9. Bxc4 Qxe4 10. Bf1 Bd6 11. Qe2 c6 12. f3 Qh4+ 13. Kd1 e5 14. Bd2 e4 15.
Be1 Qg5 16. fxe4 dxe4 17. Kd2 c5 18. c3 Bd7 19. h4 Qf6 20. g4 a6 21. Rd1 cxd4
22. exd4 Qf4+ 23. Kc2 Ba4+ 24. b3 Bb5 25. c4 Bd7 26. Bd2 Qf3 27. Qxf3 exf3 28.
Kb2 Bxg4 29. Re1+ Be7 30. Rh2 a5 31. Bd3 h6 32. Be4 O-O 33. Bxb7 Rae8 34. Bxa5
Bd6 35. Rxe8 Rxe8 36. Bxf3 Bxh2 37. Bxg4 Re4 38. Bf3 Rf4 39. Bc6 Rxd4 40. Kc3
Rxh4 0-1

[Event "AUTO-INT-1848"]
[Site "http://www.queenalice.com/game.php?id=848028"]
[Date "2010.10.19"]
[Round "1"]
[White "harleymanscott"]
[Black "Peaonegro"]
[Result "0-1"]
[WhiteElo "1291"]
[BlackElo "1633"]

1. d4 d5 2. Nf3 Nf6 3. Ng5 h6 4. Nf3 Nc6 5. Nc3 Ne4 6. Nxe4 dxe4 7. Nd2 Nxd4 8.
e3 e5 9. Nxe4 Be7 10. c3 Nc6 11. Bb5 O-O 12. Be2 Qxd1+ 13. Bxd1 Bd7 14. Ba4 Rad8
15. g3 f5 16. Nd2 a5 17. b4 axb4 18. Bb2 bxc3 19. Bxc3 f4 20. Nf3 Bf6 21. exf4
exf4 22. gxf4 Bxc3+ 23. Nd2 Bxa1 24. Nf3 Rfe8+ 25. Kd1 Bg4+ 26. Kc1 Bxf3 27. Kb1
Bxh1 28. Kxa1 Rd2 29. Kb1 Re1+ 30. Bd1 Rexd1# 0-1

[Event "AUTO-INT-1848"]
[Site "http://www.queenalice.com/game.php?id=848029"]
[Date "2010.10.19"]
[Round "1"]
[White "Peaonegro"]
[Black "Clausimausi"]
[Result "0-1"]
[WhiteElo "1534"]
[BlackElo "1589"]

1. d4 e5 2. dxe5 Nc6 3. Nf3 Qe7 4. Nc3 Nxe5 5. Nxe5 Qxe5 6. e4 Bb4 7. Bd2 Nf6 8.
f3 O-O 9. Bd3 Re8 10. O-O Qc5+ 11. Kh1 Qh5 12. a3 Bd6 13. h3 Bc5 14. Nb5 Bd6 15.
Nxd6 cxd6 16. Kh2 Qe5+ 17. g3 Nh5 18. f4 Qc5 19. Bb4 Qe3 20. Rf3 Qd4 21. Bc3 Qb6
22. g4 Nf6 23. Qe1 Nd5 24. Rb1 Nxc3 25. Qxc3 Re6 26. f5 Re5 27. Qd2 d5 28. exd5
d6 29. Kg3 Bd7 30. b4 Bb5 31. Bxb5 Qxb5 32. Rd3 Rae8 33. Kh4 Re2 34. Qc3 Qb6 35.
Rbd1 Qf2+ 36. Kh5 Rxc2 37. Qd4 g6+ 38. Kg5 f6+ 39. Qxf6 Rc4 40. Qxd6 h6+ 0-1

[Event "AUTO-INT-1848"]
[Site "http://www.queenalice.com/game.php?id=848030"]
[Date "2010.10.19"]
[Round "1"]
[White "Clausimausi"]
[Black "Peaonegro"]
[Result "1-0"]
[WhiteElo "1592"]
[BlackElo "1633"]

1. e4 e5 2. Nf3 Nc6 3. Bc4 Nh6 4. d3 Be7 5. Nc3 O-O 6. Bxh6 gxh6 7. Nd5 Bc5 8.
O-O d6 9. Qd2 Kg7 10. c3 Bd7 11. Kh1 a6 12. b4 b5 13. bxc5 bxc4 14. dxc4 Na5 15.
cxd6 cxd6 16. Qe2 Be6 17. Ng1 Kg6 18. Nf3 f5 19. Nh4+ Qxh4 20. Nc7 Kf6 21. Nxa8
Rxa8 22. Rab1 fxe4 23. Rfe1 Bf5 24. Rb6 Ke7 25. c5 dxc5 26. Qd2 Nc4 27. Rb7+ Kf8
28. Qd5 Bg6 29. Qxc4 Qxf2 30. Reb1 e3 31. Qxc5+ Kg8 32. Qd5+ Bf7 33. Rxf7 1-0

[Event "AUTO-INT-1810"]
[Site "http://www.queenalice.com/game.php?id=868905"]
[Date "2010.12.7"]
[Round "2"]
[White "Peaonegro"]
[Black "Rissoli"]
[Result "0-1"]
[WhiteElo "1563"]
[BlackElo "2117"]

1. e4 c5 2. Nc3 Nc6 3. Nf3 a6 4. d4 cxd4 5. Nxd4 Nf6 6. Nxc6 bxc6 7. Be3 Rb8 8.
b3 d6 9. Bd3 g6 10. O-O Bg7 11. f3 Ng4 12. fxg4 Bxc3 13. Rb1 Qa5 14. a4 Be6 15.
h3 Qb4 16. Qe2 a5 17. Rf3 c5 0-1

[Event "AUTO-INT-1810"]
[Site "http://www.queenalice.com/game.php?id=868906"]
[Date "2010.12.7"]
[Round "2"]
[White "Rissoli"]
[Black "Peaonegro"]
[Result "1-0"]
[WhiteElo "2116"]
[BlackElo "1565"]

1. e4 e5 2. Nf3 d6 3. d4 exd4 4. Nxd4 Nf6 5. Nc3 Bd7 6. Bc4 h6 7. O-O Be7 8. Re1
O-O 9. Nf5 Nc6 10. Qf3 Nb4 11. Qg3 Nh5 12. Bxf7+ Kxf7 13. Nxh6+ gxh6 14. Qf3+
Kg6 15. Qe3 Bg5 16. Qe2 Bxc1 17. Raxc1 1-0

[Event "AUTO-INT-1810"]
[Site "http://www.queenalice.com/game.php?id=868907"]
[Date "2010.12.7"]
[Round "2"]
[White "Peaonegro"]
[Black "Danado"]
[Result "0-1"]
[WhiteElo "1603"]
[BlackElo "1738"]

1. e4 Nc6 2. Nf3 a6 3. Nc3 e5 4. d4 exd4 5. Nxd4 Bb4 6. Ne2 Qf6 7. Bd2 Bxc3 8.
Bxc3 Qd6 9. Qxd6 cxd6 10. Bxg7 f6 11. Bxh8 Nce7 12. O-O-O Ng6 13. Bxf6 Nxf6 14.
Nc3 Ng4 15. Rd2 Ke7 16. Be2 N6e5 17. Bxg4 Nxg4 18. Nd5+ Kd8 19. Nb6 Ra7 20. h3
Nf6 21. f3 Ne8 22. a4 a5 23. Re1 Ra6 24. Nc4 Ke7 25. e5 dxe5 26. Rxe5+ Kf8 27.
Rde2 Re6 28. Rf5+ Ke7 0-1

[Event "AUTO-INT-1810"]
[Site "http://www.queenalice.com/game.php?id=868908"]
[Date "2010.12.7"]
[Round "2"]
[White "Danado"]
[Black "Peaonegro"]
[Result "1-0"]
[WhiteElo "1726"]
[BlackElo "1615"]

1. e4 e5 2. Qf3 a6 3. Bc4 Nf6 4. d3 h6 5. a3 Qe7 6. Bd2 d6 7. Nc3 c6 8. Nge2 Be6
9. Bxe6 fxe6 10. O-O-O Nbd7 11. Qh3 O-O-O 12. Ng3 Qf7 13. Bg5 Be7 14. Bxf6 Nxf6
15. Na4 Kc7 16. Rhf1 d5 17. Rfe1 dxe4 18. dxe4 Rxd1+ 19. Rxd1 Qg6 20. Qxe6 Qg5+
21. Kb1 Re8 22. Qb3 b5 23. Nc3 Rd8 24. Rxd8 Kxd8 25. Qe6 Qd2 26. Nf5 Qd7 27.
Qxd7+ Kxd7 28. h3 Bd8 29. Nxg7 1-0

[Event "AUTO-INT-1811"]
[Site "http://www.queenalice.com/game.php?id=894758"]
[Date "2011.2.2"]
[Round "2"]
[White "Peaonegro"]
[Black "filou"]
[Result "0-1"]
[WhiteElo "1581"]
[BlackElo "1722"]

1. d4 d5 2. Nc3 f6 3. Nf3 Bg4 4. e3 e5 5. dxe5 fxe5 6. Qxd5 Qxd5 7. Nxd5 Bd6 8.
Be2 Nc6 9. O-O O-O-O 10. e4 h6 11. Be3 Kb8 12. h3 Bxf3 13. Bxf3 Nf6 14. c3 Nxd5
15. exd5 Ne7 16. a4 g5 17. g4 Ng8 18. Rad1 Nf6 19. b4 e4 20. Be2 Be5 0-1

[Event "AUTO-INT-1811"]
[Site "http://www.queenalice.com/game.php?id=894759"]
[Date "2011.2.2"]
[Round "2"]
[White "filou"]
[Black "Peaonegro"]
[Result "1-0"]
[WhiteElo "1711"]
[BlackElo "1592"]

1. e4 e5 2. Nf3 d6 3. h3 Nf6 4. Nc3 Bd7 5. d4 exd4 6. Nxd4 h6 7. f4 Nc6 8. Be3
Qe7 9. Nxc6 Bxc6 10. Qe2 O-O-O 11. Bxa7 Nxe4 12. Nxe4 Bxe4 13. O-O-O f5 14. Bd4
c5 15. Bc3 g5 16. Bxh8 Qe6 17. Kb1 Be7 18. Bc3 b6 19. Rg1 d5 20. Be5 1-0